Estatísticas para Campeonato Paulista - Campeões, Vices, terceiros e quartos colocados

Clique aqui para jogar o quiz

Estatísticas Gerais

  • Esse quiz foi jogado 870 vezes
    (334 desde o último reset)
  • A pontuação média é 30 de 58

Estatísticas das Respostas

Resposta% Correto
Palmeiras
100%
São Paulo
100%
Corinthians
99%
Santos
98%
Água Santa
91%
Ponte Preta
91%
Red Bull Bragantino
89%
Bragantino
88%
Guarani
88%
Ituano
87%
São Caetano
85%
Portuguesa
84%
Santo André
84%
Paulista de Jundiaí
82%
Mirassol
71%
Botafogo
68%
Inter de Limeira
65%
Juventus
65%
Paulistano
65%
Audax
64%
Novorizontino
61%
Ferroviária
59%
São Bento
59%
Portuguesa Santista
54%
XV de Piracicaba
54%
Guaratinguetá
47%
Mogi Mirim
46%
São José
46%
Comercial
45%
Grêmio Prudente
45%
Penapolense
44%
União São João
44%
Internacional
41%
Noroeste
41%
São Paulo Athletic
38%
Germânia
36%
Rio Branco
36%
Americano
35%
Mackenzie
33%
AA das Palmeiras
31%
Ypiranga
31%
São Paulo da Floresta
29%
AA São Bento
25%
Hespanha
25%
Auto
24%
São Paulo Railway
24%
Sírio
24%
União Lapa
24%
Estudantes
23%
Independência
23%
Luzitano
23%
Minas Gerais
23%
Alumni
22%
Antarctica
22%
Atlético Santista
22%
Campos Elíseos
22%
Tremembé
22%
São Caetano EC
20%

Distribuição das Pontuações

Percentil de Números Respondidos

Porcentagem de Pessoas com Cada Pontuação

Sua Pontuação Histórica

Você não jogou esse quiz desde o último reset